Ángel Duarte / (Record no. 12250)
[ view plain ]
| 000 -LEADER | |
|---|---|
| campo de control de longitud fija | 01165nam a2200301 i 4500 |
| 001 - NÚMERO DE CONTROL | |
| campo de control | 12250 |
| 003 - IDENTIFICADOR DE NÚMERO DE CONTROL | |
| campo de control | ES-MaACL |
| 005 - FECHA Y HORA DE LA ÚLTIMA TRANSACCIÓN | |
| campo de control | 20230906150255.0 |
| 008 - DATOS DE LONGITUD FIJA--INFORMACIÓN GENERAL | |
| campo de control de longitud fija | 930216s1992 sp a |||| | spa |
| 020 ## - NÚMERO INTERNACIONAL ESTÁNDAR DEL LIBRO | |
| Número Internacional Estándar del Libro | 84-86288-03-7 |
| 080 ## - NÚMERO DE LA CLASIFICACIÓN DECIMAL UNIVERSAL | |
| Número de la Clasificación Decimal Universal | 75 Duarte, Ángel (064.3) |
| 080 ## - NÚMERO DE LA CLASIFICACIÓN DECIMAL UNIVERSAL | |
| Número de la Clasificación Decimal Universal | 73 Duarte, Ángel (064.3) |
| 100 1# - ENTRADA PRINCIPAL--NOMBRE DE PERSONA | |
| Nombre de persona | Duarte, Angel. |
| 9 (RLIN) | 45726 |
| 245 10 - MENCIÓN DEL TÍTULO | |
| Título | Ángel Duarte / |
| Mención de responsabilidad, etc. | [traducción, Noel Byde, Celia Montolío]. |
| 260 ## - PUBLICACIÓN, DISTRIBUCIÓN, ETC. | |
| Lugar de publicación, distribución, etc. | [S.l.] : |
| Nombre del editor, distribuidor, etc. | Ediciones L ; |
| Lugar de publicación, distribución, etc. | [Mérida] : |
| Nombre del editor, distribuidor, etc. | Consejería de Educación y Cultura, |
| Fecha de publicación, distribución, etc. | [1992] |
| 300 ## - DESCRIPCIÓN FÍSICA | |
| Extensión | 188 p. : |
| Otras características físicas | il. col. y n. ; |
| Dimensiones | 30 cm. |
| 504 ## - NOTA DE BIBLIOGRAFÍA, ETC. | |
| Nota de bibliografía, etc. | Bibliografía: p. 181-188. |
| 546 ## - NOTA DE IDIOMA | |
| Nota de lengua/lenguaje | Texto en español y traducción en inglés. |
| 585 ## - NOTA DE EXPOSICIONES | |
| Nota de exposiciones | Catálogo de la exposición celebrada en Cáceres, Centro de Exposiciones Plaza de San Jorge, noviembre-diciembre 1992. |
| 600 14 - PUNTO DE ACCESO ADICIONAL DE MATERIA--NOMBRE DE PERSONA | |
| Nombre de persona | Duarte, Angel- |
| Subdivisión de forma | Exposiciones. |
| 9 (RLIN) | 45727 |
| 655 #7 - TERMINO DE INDIZACIÓN--GENERO/FORMA | |
| Fuente del término | tgfbne |
| 9 (RLIN) | 193628 |
| Datos o término principal de género/forma | Catálogos de exposiciones |
| 700 1# - ENTRADA AGREGADA--NOMBRE PERSONAL | |
| Nombre de persona | Byde, Noel. |
| 9 (RLIN) | 33009 |
| 700 1# - ENTRADA AGREGADA--NOMBRE PERSONAL | |
| Nombre de persona | Montolío Nicholson, Celia. |
| 9 (RLIN) | 82677 |
| 710 1# - ENTRADA AGREGADA--NOMBRE DE ENTIDAD CORPORATIVA | |
| Nombre de entidad corporativa o nombre de jurisdicción como elemento de entrada | Extremadura. |
| Unidad subordinada | Consejería de Educación y Cultura. |
| 9 (RLIN) | 4053 |
| 852 4# - LOCALIZACIÓN | |
| Ubicación | ES-MaACL |
| Número de control de estantería | L-19623 |
| 942 ## - ELEMENTOS DE ENTRADA SECUNDARIOS (KOHA) | |
| Fuente del sistema de clasificación o colocación | Clasificación decimal universal |
| Estatus retirado | Estado de pérdida | Estado de daño | No para préstamo | Biblioteca de origen | Biblioteca actual | Ubicación en estantería | Fecha de adquisición | Fuente de adquisición | Total de préstamos | Signatura topográfica completa | Código de barras | Visto por última vez | Precio de reemplazo | Tipo de ítem Koha |
|---|---|---|---|---|---|---|---|---|---|---|---|---|---|---|
| Biblioteca del Ateneo de Madrid | Biblioteca del Ateneo de Madrid | Depósito 2 | 17/01/2008 | L-19623 | 1012482 | 23/02/2023 | 23/02/2023 | Libro impreso |
